En custodia /

I tiakina i:
Ngā taipitopito rārangi puna kōrero
Kaituhi matua: Desai, Anita (autor)
Hōputu: Pukapuka
Reo:Pāniora
I whakaputaina: Barcelona, España : Península, 1989, c1989
Rangatū:(Península/Narrativa ; 18)
Ngā marau:
Ngā Tūtohu: Tāpirihia he Tūtohu
Kāore He Tūtohu, Me noho koe te mea tuatahi ki te tūtohu i tēnei pūkete!

MARC

LEADER 00000nam^a2200000^a^4500
001 000372754
005 20250521000000.0
009 20260310120013.592
020 |a 84-297-2929-1 
037 |a Acervo ITESO - Biblioteca 
041 |a ESP 
082 |a 891. 4  |b DES 
100 |a Desai, Anita  |e (autor) 
245 1 0 |a En custodia /  |c A. Desai ; tr. por Jesús Zulaika. 
264 4 |a Barcelona, España :  |b Península,  |c 1989, c1989 
300 |a 217 p. 
336 |a texto  |b txt  |2 rdacontenido 
337 |a sin mediación  |b n  |2 rdamedio 
338 |a volumen  |b nc  |2 rdasoporte 
440 1 |a (Península/Narrativa ;  |v 18) 
500 |a Traducción de: In Custody 
545 0 |a Anita Desai (Mussoorie, 1937), escritora india de ascendencia bengalí y alemana. Aunque maneja el alemán y el hindi en su vida familiar y social, recibe una educación en lengua inglesa y finaliza en 1957 sus estudios en Literatura Inglesa en la Universidad de Delhi. La novela The Peacock (1963) demarca el inicio de la trayectoria creativa de quien ha sido aclamada como la mejor escritora india de lengua inglesa de su generación y entre cuyos admiradores se cuenta Salman Rushdie. Entre los títulos de su narrativa figuran Fuego en la montaña (1977), galardonada con los premios Winifred Holtby (1977) y Sahitya de la Academia Nacional India de Letras (1978); Clara luz del día (1980), finalista al premio Booker y que la propia autora considera su creación con mayor eco autobiográfico; The Village by the Sea (1982), reconocida con el Premio de Narrativa Infantil del diario The Guardian 1983; En custodia (1984), por la que nuevamente figura entre los finalistas del Booker y llevada al cine por el realizador indo-británico Ismail Merchant en 1994; El Bombay de Baumgartner (1988); Viaje a Itaca (1995); Ayuno, festín (1999), nominada al Booker; Polvo de diamante y otros relatos (2000) y El camino en zigzag (2004), novela de escenario mexicano. Ha colaborado con la revista The New York Review of Books. Su trayectoria creativa y docente la ha conducido a reconocidas universidades y organismos del mundo angloparlante, como el Instituto Tecnológico de Massachusetts (MIT) –donde es profesora emérita- y la Universidad de Cambridge, la Real Sociedad de Literatura de Londres (RSL) y la Academia Norteamericana de Artes y Literatura. Ha sido galardonada con los premios Neil Gunn (1993) y Alberto Moravia (2000), la Medalla Benson de la RSL (2000), la Dignidad de la Academia Nacional India de Letras (2003) y la Padma Bhushan (2014), condecoración civil del Gobierno de la India. 
561 |a Ex libris manuscrito de Luis Bernardo Jaime Vázquez 
586 |a Premio Booker 1984 (finalista) 
649 |a XX 
650 |a Escritores en la Literatura 
650 |a Novela Hindú 
650 |a Literatura en Inglés -  |z India 
650 |a Literatura de Mujeres -  |z India 
650 |a Literatura Hindú -  |y Siglo XX 
910 |a Fondo General 
920 |a Impresos - Libros 
930 |a Colección General 
940 |a Literatura 
905 |a 101 
901 |a 0500266689  |b IT1  |c LIT  |i D76252  |u 20250521 
902 |a https://opac.biblio.iteso.mx/vufind/Record/000372754